000
00337nam a22001577a 4500
003
SGT
020
_a
978-8131261828
082
_a
614
_b
G20D
100
_a
DAVID D. CELENTANO
245
_a
GORDIS EPIDEMIOLOGY
250
_a
6TH
260
_a
NEW DELHI
_b
ELSEVIER
_c
2020
300
_a
1-420
650
_a
EPIDEMIOLOGY
942
_2
ddc
_c
BK
999
_c
20845
_d
20845